| 000 | 00657nam a2200169 a 4500 | ||
|---|---|---|---|
| 008 | 120926s1980 ||||||||||||||||| || u | ||
| 050 | _aHD 9506.A585 MIT | ||
| 100 | _aMitchell, Barbara | ||
| 245 | 1 | 0 |
_aAntarctica and its resources _cby Barbara Mitchell and Jon Tinker |
| 260 |
_aLondon: _bEarthscan _c1980 |
||
| 300 | _a98p. | ||
| 650 | _aNATURAL RESOURCES--ANTARCTICA | ||
| 650 | _aANTARCTICA--INTERNATIONAL STATUS | ||
| 650 | _aMINES AND MINERAL RESOURCES--ANTARCTICA | ||
| 700 | _aTinker, Jon | ||
| 995 |
_aSPECIAL COLLECTIONS _e500136 _FCBU-DAG HAMMARSKJOLD INSTITUTE LIBRARY _jDAG HD 9506.A585 MIT _M1 _UAVAILABLE _WNov 6, 2012 _y500136 _ZDHIPS Book Collection |
||
| 999 |
_c106 _d106 |
||